00340nam a2200121 450000500170000002000180001708200200003508400250005510000200008024500630010026000440016330000110020720250917142158.0 a9789360610388 a332.632 BEE/S 2Colon Classification a Beerbohm, Max  aSecurity analysis and portfolio management /cMax Beerbohm aNew Delhi :bPinakin Publishing,c2006. a286p.: